Fundamentals of digital image processing (Record no. 8341)
[ view plain ]
| 000 -LEADER | |
|---|---|
| fixed length control field | 00526 a2200157 4500 |
| 020 ## - INTERNATIONAL STANDARD BOOK NUMBER | |
| International Standard Book Number | 8177584790 |
| 040 ## - CATALOGING SOURCE | |
| Original cataloging agency | DLC |
| Language of cataloging | DLC |
| 082 ## - DEWEY DECIMAL CLASSIFICATION NUMBER | |
| Classification number | 621.367 |
| 100 ## - MAIN ENTRY--PERSONAL NAME | |
| Personal name | Annadurai, S. |
| 245 ## - TITLE STATEMENT | |
| Title | Fundamentals of digital image processing |
| Statement of responsibility, etc. | S. Annadurai & R. Shanmugalakshmi |
| 260 ## - PUBLICATION, DISTRIBUTION, ETC. | |
| Place of publication, distribution, etc. | New Delhi: |
| Name of publisher, distributor, etc. | Dorling Kindersley (India) Pvt.Ltd., |
| Date of publication, distribution, etc. | 2007. |
| 300 ## - PHYSICAL DESCRIPTION | |
| Extent | xviii, 422p. : |
| Other physical details | ill. ; |
| Dimensions | 25 cm. |
| 500 ## - GENERAL NOTE | |
| General note | Includes bibliographical references and index |
| 650 ## - SUBJECT ADDED ENTRY--TOPICAL TERM | |
| Topical term or geographic name entry element | Image processing--Digital techniques. |
| 942 ## - ADDED ENTRY ELEMENTS (KOHA) | |
| Koha item type | Book |
| Call number prefix | 621.367 ANN |
| Source of classification or shelving scheme | |
| Withdrawn status | Lost status | Damaged status | Not for loan | Collection code | Permanent Location | Current Location | Shelving location | Date acquired | Source of acquisition | Cost, normal purchase price | Total Checkouts | Total Renewals | Full call number | Barcode | Date last seen | Date last checked out | Price effective from | Koha item type |
|---|---|---|---|---|---|---|---|---|---|---|---|---|---|---|---|---|---|---|
| Central Library (CL) | Central Library (CL) | General Stacks | 06/01/2007 | Allied Book Company | 202.50 | 2 | 2 | 621.367 ANN | SEECS008544 | 08/12/2024 | 02/16/2019 | 01/05/2017 | Book |
